Представление документа в формате MARC21

Поле Инд. ПП Название Значение
Тип записи a
Библиографический уровень m
001 Контрольный номер RU/IS/BASE/225369678
005 Дата корректировки 20140505110438.8
020 00 a ISBN 5-244-00102-7
c Цена, тираж 31-00
084 a Индекс другой классификации/Индекс ББК 63.3(2)6-30
090 x Авторский знак И 90
a Полочн. индекс 63.3(2)6-30
245 00 a Заглавие История КПСС
n Номер части/ раздела Вып. 1
b Продолж. заглавия курс лекций
c Ответственность под ред. Н. Н. Маслова ; Акад. обществ. наук при ЦК КПСС
250 00 a Основные сведения об издании 2-е изд., перераб. и доп.
260 00 a Место издания Москва
b Издательство Мысль
c Дата издания 1988
300 00 a Объем 444 с.
650 00 a Основная рубрика Коммунистическая партия Советского Союза-История
653 00 a Ключевые слова История СССР
a Ключевые слова КПСС